00556nam a2200109Ia 4500008004100000245012300041260000900164300015700173650002500330999001900355952007200374180130s9999 xx 000 0 und d cSchore, Allan N.; Sieff, Daniela F.aOn the same wave-length: how our emotional brain is shaped by human relationships c2015 aBook title: Understanding and healing emotional trauma : conversations with pioneering clinicians and researchers--Acession number C20254; pages 111-136 aPSYCHOLOGICAL STRESS c354072d354072 001040aCLbCLd2018-01-30l0r2018-01-30 00:00:00w2018-01-30yBC